| 000 | 00543nam a2200217Ia 4500 | ||
|---|---|---|---|
| 008 | 170918s9999 xx 000 0 und d | ||
| 020 | _a9780439649827 | ||
| 050 | _bD392pa 2004 | ||
| 100 | _aDenenberg, Barry | ||
| 245 | _aPandora of Athens 399 B.C. : | ||
| 245 | _bthe life and times / | ||
| 245 | _cby Barry Denenberg. | ||
| 250 | _aFirst edition | ||
| 260 | _aNew York : | ||
| 260 | _bScholastic, | ||
| 260 | _c2004 | ||
| 300 | _a125 pages : | ||
| 300 | _billustrations : | ||
| 300 | _c19cm. | ||
| 300 | _eThe life and times. | ||
| 999 |
_c344120 _d344120 |
||